Random Questions #2 - Statistics

General Stats
  • This quiz has been taken 12 times
  • The average score is 4 of 8
Answer Stats
Hint Answer % Correct
What is the biggest country in the world? Russia
92%
Who was the queen of the Iceni? Boudica
75%
Which empire owned the most land? British Empire
50%
What is the biggest island in the Philippines? Luzon
42%
When did Indonesia gain independence? 1945
33%
What city copied the Tyne Bridge? Sydney
33%
When was the specific date of D-DAY? 6th June1944
17%
What was the object that ended WW2? Atom bomb
17%
No matching quizzes found
Score Distribution
Percent of People with Each Score
Percentile by Number Answered
Your Score History
You have not taken this quiz